000 00727nam a2200289Ia 4500
005 20260324145551.0
008 008 260324s9999 xx 000 0 eng d
020 _a9781003638780
037 _aEBOOK
040 _aCRL
040 _beng
040 _cCRL
041 _2eng
041 _aeng
084 _qCRL
100 _aHartmut Kaelble
_91223410
245 0 _aHistorical Research on Social Mobility
245 0 _bWestern Europe and the USA in the Nineteenth and Twentieth Centuries
260 _bTaylor and Francis
260 _c1981
365 _a
365 _b135
856 _uhttp://www.taylorfrancis.com/books/9781003638780
942 _cEBOOK
999 _c1831504
_d1831504